| 000 | 00589nam a2200181 i 4500 | ||
|---|---|---|---|
| 001 | 130515 | ||
| 003 | ES-MaACL | ||
| 005 | 20230906193749.0 | ||
| 007 | t| | ||
| 008 | 070731s1910 sp |||| | spa d | ||
| 100 | 1 |
_aZaragüeta, Juan. _9118040 |
|
| 245 | 1 | 4 |
_aUna interpretación psicológica de los fenómenos económicos / _cJuan Zaragüeta y Bengoechea. |
| 260 |
_aMadrid : _bHijos M.G. Hernández, _c1910. |
||
| 300 |
_a23 p. ; _c24 cm. |
||
| 595 | _aTirada aparte de la revista "Lumen" | ||
| 650 | 1 | 4 |
_aEconomía- _xAspectos psicológicos. _9167913 |
| 852 |
_aES-MaACL _jT-1215-F-7 |
||
| 999 |
_c130515 _d130515 |
||